000 00877cam a2200349 4500500
005 20260405003259.0
041 _afre
042 _adc
100 1 0 _aPortevin, Catherine
_eauthor
245 0 0 _aLe grand écart
260 _c2021.
500 _a76
690 _aArgent
690 _aBiologie
690 _aDécision
690 _aEngagement
690 _aFinance
690 _aHôpital
690 _aIdéal
690 _aIdéalisme
690 _aJustice
690 _aMigrants
690 _aPolitique
690 _aResponsabilité
690 _aScience
690 _aSoin
690 _aUtilitarisme
690 _aUtilité
690 _aVivant
786 0 _nPhilosophie magazine | 149 | 5 | 2021-05-01 | p. 51-52 | 1951-1787
856 4 1 _uhttps://shs.cairn.info/magazine-philosophie-magazine-2021-5-page-51?lang=fr&redirect-ssocas=7080
999 _c2066087
_d2066087